| 000 | 00631nam a2200181Ia 4500 | ||
|---|---|---|---|
| 008 | 090124s9999 xx 000 0 und d | ||
| 082 | _b20107 | ||
| 100 | _aताडपत्रीकर श्री . ना . | ||
| 245 | _a वरप्राप्ति | ||
| 250 | _a0 | ||
| 260 |
_bबालकृष्ण पांडुरंग ठकार _c1937 |
||
| 300 | _a155 | ||
| 600 | _aताडपत्रीकर श्री . ना . | ||
| 630 | _a वरप्राप्ति | ||
| 700 | _aताडपत्रीकर श्री . ना . | ||
| 730 | _a वरप्राप्ति | ||
| 942 | _cBOOK | ||
| 999 |
_c90848 _d90848 |
||